Woodworking techniques and projects (Record no. 682051)

MARC details
000 -LEADER
fixed length control field 00278nam a2200109Ia 4500
008 - FIXED-LENGTH DATA ELEMENTS--GENERAL INFORMATION
fixed length control field 220624s9999 xx 000 0 und d
020 ## - INTERNATIONAL STANDARD BOOK NUMBER
International Standard Book Number <a href="9781861083562">9781861083562</a>
082 ## - DEWEY DECIMAL CLASSIFICATION NUMBER
Classification number 658.08 BAIL
942 ## - ADDED ENTRY ELEMENTS
Creator ID 561
Creator Name John Tresidder
Modifier ID 561
Modifier Name John Tresidder
100 ## - MAIN ENTRY--PERSONAL NAME
Personal name Anthony Bailey
245 #0 - TITLE STATEMENT
Title Woodworking techniques and projects
942 ## - ADDED ENTRY ELEMENTS
item type Books
Holdings
Withdrawn status Lost status Damaged status Not for loan Home library Current library Date acquired Cost, normal purchase price Total Checkouts Barcode Date last seen Price effective from item type Public note
        Rietkuil PL (MMID-PLST-RIET) Rietkuil PL (MMID-PLST-RIET) 24.06.2022 254.00   33228023064486 24.06.2022 24.06.2022 Books 0940098862